Business strategy series. Volume 10, No. 2, Competition and strategy

Bibliographic Details
Corporate Author: ProQuest (Firm)
Format: Electronic eBook
Language:English
Published: Northampton, England : Emerald Group Publishing Ltd., 2009.
Series:Business strategy series ; v 10, no. 2.
Subjects:
Online Access:Click to View
LEADER 01301nam a2200349Ia 4500
001 EBC348625
003 MiAaPQ
005 20200520144314.0
006 m o d |
007 cr cn|||||||||
008 090928s2009 enka sb 000 0 eng d
020 |z 9781848550735 
020 |z 9781848550728 
035 |a (MiAaPQ)EBC348625 
035 |a (Au-PeEL)EBL348625 
035 |a (CaPaEBR)ebr10229717 
035 |a (OCoLC)243473053 
040 |a MiAaPQ  |c MiAaPQ  |d MiAaPQ 
050 4 |a HD30.28  |b .H3662 2009 
245 0 0 |a Business strategy series.  |n Volume 10, No. 2,  |p Competition and strategy  |h [electronic resource]. 
260 |a Northampton, England :  |b Emerald Group Publishing Ltd.,  |c 2009. 
300 |a p. 77-108 :  |b ill. 
490 1 |a Business strategy series ;  |v v 10, no. 2 
504 |a Includes bibliographical references. 
533 |a Electronic reproduction. Ann Arbor, MI : ProQuest, 2015. Available via World Wide Web. Access may be limited to ProQuest affiliated libraries. 
650 0 |a Strategic planning. 
650 0 |a Management. 
650 0 |a Business planning. 
655 4 |a Electronic books. 
710 2 |a ProQuest (Firm) 
830 0 |a Business strategy series ;  |v v 10, no. 2. 
856 4 0 |u https://ebookcentral.proquest.com/lib/matrademy/detail.action?docID=348625  |z Click to View